<?xml version="1.0" encoding="UTF-8"?>
<record
    xmlns:xsi="http://www.w3.org/2001/XMLSchema-instance"
    xsi:schemaLocation="http://www.loc.gov/MARC21/slim http://www.loc.gov/standards/marcxml/schema/MARC21slim.xsd"
    xmlns="http://www.loc.gov/MARC21/slim">

  <leader>00744nam a22002657a 4500</leader>
  <controlfield tag="001"> 24895 </controlfield>
  <controlfield tag="003">UA-OsUOA</controlfield>
  <controlfield tag="005">20200918123717.0</controlfield>
  <controlfield tag="007">ta</controlfield>
  <controlfield tag="008">20040303b un ||||| |||| 00| 0 ukr d</controlfield>
  <datafield tag="020" ind1=" " ind2=" ">
    <subfield code="a">5-325-00758-0</subfield>
  </datafield>
  <datafield tag="040" ind1=" " ind2=" ">
    <subfield code="a">UA-OsUOA</subfield>
    <subfield code="b">ukr</subfield>
    <subfield code="c">UA-OsUOA</subfield>
    <subfield code="d">UA-OsUOA</subfield>
  </datafield>
  <datafield tag="041" ind1=" " ind2=" ">
    <subfield code="a">ukr</subfield>
  </datafield>
  <datafield tag="044" ind1=" " ind2=" ">
    <subfield code="a">UA</subfield>
  </datafield>
  <datafield tag="080" ind1=" " ind2=" ">
    <subfield code="a">343.13(075.8)</subfield>
  </datafield>
  <datafield tag="090" ind1=" " ind2=" ">
    <subfield code="a">343.13(075.8)</subfield>
    <subfield code="b">&#x41C;75</subfield>
  </datafield>
  <datafield tag="100" ind1=" " ind2=" ">
    <subfield code="a">&#x41C;&#x43E;&#x43B;&#x434;&#x43E;&#x432;&#x430;&#x43D; &#x412;.</subfield>
  </datafield>
  <datafield tag="245" ind1=" " ind2=" ">
    <subfield code="a">&#x41F;&#x43E;&#x440;&#x456;&#x432;&#x43D;&#x44F;&#x43B;&#x44C;&#x43D;&#x438;&#x439; &#x43A;&#x440;&#x438;&#x43C;&#x456;&#x43D;&#x430;&#x43B;&#x44C;&#x43D;&#x438;&#x439; &#x43F;&#x440;&#x43E;&#x446;&#x435;&#x441;</subfield>
    <subfield code="b">&#x43D;&#x430;&#x432;&#x447;&#x430;&#x43B;&#x44C;&#x43D;&#x438;&#x439; &#x43F;&#x43E;&#x441;&#x456;&#x431;&#x43D;&#x438;&#x43A;</subfield>
  </datafield>
  <datafield tag="260" ind1=" " ind2=" ">
    <subfield code="a">&#x41A;&#x438;&#x457;&#x432;</subfield>
    <subfield code="b">&#x41B;&#x438;&#x431;&#x456;&#x434;&#x44C;</subfield>
    <subfield code="c">1996</subfield>
  </datafield>
  <datafield tag="300" ind1=" " ind2=" ">
    <subfield code="a">256 &#x441;.</subfield>
  </datafield>
  <datafield tag="650" ind1=" " ind2="7">
    <subfield code="2">UDC</subfield>
  </datafield>
  <datafield tag="942" ind1=" " ind2=" ">
    <subfield code="c">BK</subfield>
    <subfield code="2">udc</subfield>
  </datafield>
  <datafield tag="955" ind1=" " ind2=" ">
    <subfield code="a">0</subfield>
  </datafield>
  <datafield tag="999" ind1=" " ind2=" ">
    <subfield code="c">311181</subfield>
    <subfield code="d">311181</subfield>
  </datafield>
  <datafield tag="952" ind1=" " ind2=" ">
    <subfield code="0">0</subfield>
    <subfield code="1">0</subfield>
    <subfield code="2">udc</subfield>
    <subfield code="4">0</subfield>
    <subfield code="7">0</subfield>
    <subfield code="a">101</subfield>
    <subfield code="b">101</subfield>
    <subfield code="d">2006-08-11</subfield>
    <subfield code="i">20386</subfield>
    <subfield code="l">0</subfield>
    <subfield code="o">343.13(075.8) &#x41C;75</subfield>
    <subfield code="p">20386</subfield>
    <subfield code="r">2021-12-15 00:00:00</subfield>
    <subfield code="w">2004-03-03</subfield>
    <subfield code="y">BK</subfield>
  </datafield>
  <datafield tag="952" ind1=" " ind2=" ">
    <subfield code="0">0</subfield>
    <subfield code="1">0</subfield>
    <subfield code="2">udc</subfield>
    <subfield code="4">0</subfield>
    <subfield code="7">0</subfield>
    <subfield code="a">101</subfield>
    <subfield code="b">101</subfield>
    <subfield code="d">2006-08-11</subfield>
    <subfield code="i">20390</subfield>
    <subfield code="l">0</subfield>
    <subfield code="o">343.13(075.8) &#x41C;75</subfield>
    <subfield code="p">20390</subfield>
    <subfield code="r">2021-12-15 00:00:00</subfield>
    <subfield code="w">2004-03-03</subfield>
    <subfield code="y">BK</subfield>
  </datafield>
  <datafield tag="952" ind1=" " ind2=" ">
    <subfield code="0">0</subfield>
    <subfield code="1">0</subfield>
    <subfield code="2">udc</subfield>
    <subfield code="4">0</subfield>
    <subfield code="7">0</subfield>
    <subfield code="a">101</subfield>
    <subfield code="b">101</subfield>
    <subfield code="d">2006-08-11</subfield>
    <subfield code="i">20392</subfield>
    <subfield code="l">0</subfield>
    <subfield code="o">343.13(075.8) &#x41C;75</subfield>
    <subfield code="p">20392</subfield>
    <subfield code="r">2021-12-15 00:00:00</subfield>
    <subfield code="w">2004-03-03</subfield>
    <subfield code="y">BK</subfield>
  </datafield>
  <datafield tag="952" ind1=" " ind2=" ">
    <subfield code="0">0</subfield>
    <subfield code="1">0</subfield>
    <subfield code="2">udc</subfield>
    <subfield code="4">0</subfield>
    <subfield code="7">0</subfield>
    <subfield code="a">101</subfield>
    <subfield code="b">101</subfield>
    <subfield code="d">2006-08-11</subfield>
    <subfield code="i">23433</subfield>
    <subfield code="l">0</subfield>
    <subfield code="o">343.13(075.8) &#x41C;75</subfield>
    <subfield code="p">23433</subfield>
    <subfield code="r">2021-12-15 00:00:00</subfield>
    <subfield code="w">2004-03-03</subfield>
    <subfield code="y">BK</subfield>
  </datafield>
  <datafield tag="952" ind1=" " ind2=" ">
    <subfield code="0">0</subfield>
    <subfield code="1">0</subfield>
    <subfield code="2">udc</subfield>
    <subfield code="4">0</subfield>
    <subfield code="7">0</subfield>
    <subfield code="a">101</subfield>
    <subfield code="b">101</subfield>
    <subfield code="d">2006-08-11</subfield>
    <subfield code="i">23434</subfield>
    <subfield code="l">0</subfield>
    <subfield code="o">343.13(075.8) &#x41C;75</subfield>
    <subfield code="p">23434</subfield>
    <subfield code="r">2021-12-15 00:00:00</subfield>
    <subfield code="w">2004-03-03</subfield>
    <subfield code="y">BK</subfield>
  </datafield>
  <datafield tag="952" ind1=" " ind2=" ">
    <subfield code="0">0</subfield>
    <subfield code="1">0</subfield>
    <subfield code="2">udc</subfield>
    <subfield code="4">0</subfield>
    <subfield code="7">0</subfield>
    <subfield code="a">101</subfield>
    <subfield code="b">101</subfield>
    <subfield code="d">2006-08-11</subfield>
    <subfield code="i">23437</subfield>
    <subfield code="l">0</subfield>
    <subfield code="o">343.13(075.8) &#x41C;75</subfield>
    <subfield code="p">23437</subfield>
    <subfield code="r">2021-12-15 00:00:00</subfield>
    <subfield code="w">2004-03-03</subfield>
    <subfield code="y">BK</subfield>
  </datafield>
  <datafield tag="952" ind1=" " ind2=" ">
    <subfield code="0">0</subfield>
    <subfield code="1">0</subfield>
    <subfield code="2">udc</subfield>
    <subfield code="4">0</subfield>
    <subfield code="7">0</subfield>
    <subfield code="a">101</subfield>
    <subfield code="b">101</subfield>
    <subfield code="d">2006-08-11</subfield>
    <subfield code="i">23439</subfield>
    <subfield code="l">0</subfield>
    <subfield code="o">343.13(075.8) &#x41C;75</subfield>
    <subfield code="p">23439</subfield>
    <subfield code="r">2021-12-15 00:00:00</subfield>
    <subfield code="w">2004-03-03</subfield>
    <subfield code="y">BK</subfield>
  </datafield>
  <datafield tag="952" ind1=" " ind2=" ">
    <subfield code="0">0</subfield>
    <subfield code="1">0</subfield>
    <subfield code="2">udc</subfield>
    <subfield code="4">0</subfield>
    <subfield code="7">0</subfield>
    <subfield code="a">101</subfield>
    <subfield code="b">101</subfield>
    <subfield code="d">2006-08-11</subfield>
    <subfield code="i">23442</subfield>
    <subfield code="l">0</subfield>
    <subfield code="o">343.13(075.8) &#x41C;75</subfield>
    <subfield code="p">23442</subfield>
    <subfield code="r">2022-06-15 00:00:00</subfield>
    <subfield code="w">2004-03-03</subfield>
    <subfield code="y">BK</subfield>
  </datafield>
  <datafield tag="952" ind1=" " ind2=" ">
    <subfield code="0">0</subfield>
    <subfield code="1">0</subfield>
    <subfield code="2">udc</subfield>
    <subfield code="4">0</subfield>
    <subfield code="7">0</subfield>
    <subfield code="a">101</subfield>
    <subfield code="b">101</subfield>
    <subfield code="d">2006-08-11</subfield>
    <subfield code="i">23446</subfield>
    <subfield code="l">0</subfield>
    <subfield code="o">343.13(075.8) &#x41C;75</subfield>
    <subfield code="p">23446</subfield>
    <subfield code="r">2021-12-15 00:00:00</subfield>
    <subfield code="w">2004-03-03</subfield>
    <subfield code="y">BK</subfield>
  </datafield>
  <datafield tag="952" ind1=" " ind2=" ">
    <subfield code="0">0</subfield>
    <subfield code="1">0</subfield>
    <subfield code="2">udc</subfield>
    <subfield code="4">0</subfield>
    <subfield code="7">0</subfield>
    <subfield code="a">101</subfield>
    <subfield code="b">101</subfield>
    <subfield code="d">2006-08-11</subfield>
    <subfield code="i">23449</subfield>
    <subfield code="l">0</subfield>
    <subfield code="o">343.13(075.8) &#x41C;75</subfield>
    <subfield code="p">23449</subfield>
    <subfield code="r">2021-12-15 00:00:00</subfield>
    <subfield code="w">2004-03-03</subfield>
    <subfield code="y">BK</subfield>
  </datafield>
  <datafield tag="952" ind1=" " ind2=" ">
    <subfield code="0">0</subfield>
    <subfield code="1">0</subfield>
    <subfield code="2">udc</subfield>
    <subfield code="4">0</subfield>
    <subfield code="7">0</subfield>
    <subfield code="a">101</subfield>
    <subfield code="b">101</subfield>
    <subfield code="d">2006-08-11</subfield>
    <subfield code="i">23450</subfield>
    <subfield code="l">0</subfield>
    <subfield code="o">343.13(075.8) &#x41C;75</subfield>
    <subfield code="p">23450</subfield>
    <subfield code="r">2021-12-15 00:00:00</subfield>
    <subfield code="w">2004-03-03</subfield>
    <subfield code="y">BK</subfield>
  </datafield>
  <datafield tag="952" ind1=" " ind2=" ">
    <subfield code="0">0</subfield>
    <subfield code="1">0</subfield>
    <subfield code="2">udc</subfield>
    <subfield code="4">0</subfield>
    <subfield code="7">0</subfield>
    <subfield code="a">101</subfield>
    <subfield code="b">101</subfield>
    <subfield code="d">2006-08-11</subfield>
    <subfield code="i">23452</subfield>
    <subfield code="l">0</subfield>
    <subfield code="o">343.13(075.8) &#x41C;75</subfield>
    <subfield code="p">23452</subfield>
    <subfield code="r">2021-12-15 00:00:00</subfield>
    <subfield code="w">2004-03-03</subfield>
    <subfield code="y">BK</subfield>
  </datafield>
  <datafield tag="952" ind1=" " ind2=" ">
    <subfield code="0">0</subfield>
    <subfield code="1">0</subfield>
    <subfield code="2">udc</subfield>
    <subfield code="4">0</subfield>
    <subfield code="7">0</subfield>
    <subfield code="a">101</subfield>
    <subfield code="b">101</subfield>
    <subfield code="d">2006-08-11</subfield>
    <subfield code="i">23453</subfield>
    <subfield code="l">0</subfield>
    <subfield code="o">343.13(075.8) &#x41C;75</subfield>
    <subfield code="p">23453</subfield>
    <subfield code="r">2021-12-15 00:00:00</subfield>
    <subfield code="w">2004-03-03</subfield>
    <subfield code="y">BK</subfield>
  </datafield>
  <datafield tag="952" ind1=" " ind2=" ">
    <subfield code="0">0</subfield>
    <subfield code="1">0</subfield>
    <subfield code="2">udc</subfield>
    <subfield code="4">0</subfield>
    <subfield code="7">0</subfield>
    <subfield code="a">101</subfield>
    <subfield code="b">101</subfield>
    <subfield code="d">2006-08-17</subfield>
    <subfield code="i">23454</subfield>
    <subfield code="l">0</subfield>
    <subfield code="o">343.13(075.8) &#x41C;75</subfield>
    <subfield code="p">23454</subfield>
    <subfield code="r">2021-12-15 00:00:00</subfield>
    <subfield code="w">2004-03-03</subfield>
    <subfield code="y">BK</subfield>
  </datafield>
  <datafield tag="952" ind1=" " ind2=" ">
    <subfield code="0">0</subfield>
    <subfield code="1">0</subfield>
    <subfield code="2">udc</subfield>
    <subfield code="4">0</subfield>
    <subfield code="7">0</subfield>
    <subfield code="a">101</subfield>
    <subfield code="b">101</subfield>
    <subfield code="d">2006-08-11</subfield>
    <subfield code="i">23456</subfield>
    <subfield code="l">0</subfield>
    <subfield code="o">343.13(075.8) &#x41C;75</subfield>
    <subfield code="p">23456</subfield>
    <subfield code="r">2021-12-15 00:00:00</subfield>
    <subfield code="w">2004-03-03</subfield>
    <subfield code="y">BK</subfield>
  </datafield>
  <datafield tag="952" ind1=" " ind2=" ">
    <subfield code="0">0</subfield>
    <subfield code="1">0</subfield>
    <subfield code="2">udc</subfield>
    <subfield code="4">0</subfield>
    <subfield code="7">0</subfield>
    <subfield code="a">101</subfield>
    <subfield code="b">101</subfield>
    <subfield code="d">2006-08-11</subfield>
    <subfield code="i">23458</subfield>
    <subfield code="l">0</subfield>
    <subfield code="o">343.13(075.8) &#x41C;75</subfield>
    <subfield code="p">23458</subfield>
    <subfield code="r">2021-12-15 00:00:00</subfield>
    <subfield code="w">2004-03-03</subfield>
    <subfield code="y">BK</subfield>
  </datafield>
  <datafield tag="952" ind1=" " ind2=" ">
    <subfield code="0">0</subfield>
    <subfield code="1">0</subfield>
    <subfield code="2">udc</subfield>
    <subfield code="4">0</subfield>
    <subfield code="7">0</subfield>
    <subfield code="a">101</subfield>
    <subfield code="b">101</subfield>
    <subfield code="d">2006-08-11</subfield>
    <subfield code="i">23459</subfield>
    <subfield code="l">0</subfield>
    <subfield code="o">343.13(075.8) &#x41C;75</subfield>
    <subfield code="p">23459</subfield>
    <subfield code="r">2021-12-15 00:00:00</subfield>
    <subfield code="w">2004-03-03</subfield>
    <subfield code="y">BK</subfield>
  </datafield>
  <datafield tag="952" ind1=" " ind2=" ">
    <subfield code="0">0</subfield>
    <subfield code="1">0</subfield>
    <subfield code="2">udc</subfield>
    <subfield code="4">0</subfield>
    <subfield code="7">0</subfield>
    <subfield code="a">101</subfield>
    <subfield code="b">101</subfield>
    <subfield code="d">2006-08-11</subfield>
    <subfield code="i">23460</subfield>
    <subfield code="l">0</subfield>
    <subfield code="o">343.13(075.8) &#x41C;75</subfield>
    <subfield code="p">23460</subfield>
    <subfield code="r">2021-12-15 00:00:00</subfield>
    <subfield code="w">2004-03-03</subfield>
    <subfield code="y">BK</subfield>
  </datafield>
  <datafield tag="952" ind1=" " ind2=" ">
    <subfield code="0">0</subfield>
    <subfield code="1">0</subfield>
    <subfield code="2">udc</subfield>
    <subfield code="4">0</subfield>
    <subfield code="7">0</subfield>
    <subfield code="a">101</subfield>
    <subfield code="b">101</subfield>
    <subfield code="d">2006-08-11</subfield>
    <subfield code="i">23462</subfield>
    <subfield code="l">0</subfield>
    <subfield code="o">343.13(075.8) &#x41C;75</subfield>
    <subfield code="p">23462</subfield>
    <subfield code="r">2021-12-15 00:00:00</subfield>
    <subfield code="w">2004-03-03</subfield>
    <subfield code="y">BK</subfield>
  </datafield>
  <datafield tag="952" ind1=" " ind2=" ">
    <subfield code="0">0</subfield>
    <subfield code="1">0</subfield>
    <subfield code="2">udc</subfield>
    <subfield code="4">0</subfield>
    <subfield code="7">0</subfield>
    <subfield code="a">101</subfield>
    <subfield code="b">101</subfield>
    <subfield code="d">2006-08-11</subfield>
    <subfield code="i">23465</subfield>
    <subfield code="l">0</subfield>
    <subfield code="o">343.13(075.8) &#x41C;75</subfield>
    <subfield code="p">23465</subfield>
    <subfield code="r">2021-12-15 00:00:00</subfield>
    <subfield code="w">2004-03-03</subfield>
    <subfield code="y">BK</subfield>
  </datafield>
  <datafield tag="952" ind1=" " ind2=" ">
    <subfield code="0">0</subfield>
    <subfield code="1">0</subfield>
    <subfield code="2">udc</subfield>
    <subfield code="4">0</subfield>
    <subfield code="7">0</subfield>
    <subfield code="a">101</subfield>
    <subfield code="b">101</subfield>
    <subfield code="d">2006-08-11</subfield>
    <subfield code="i">23467</subfield>
    <subfield code="l">0</subfield>
    <subfield code="o">343.13(075.8) &#x41C;75</subfield>
    <subfield code="p">23467</subfield>
    <subfield code="r">2021-12-15 00:00:00</subfield>
    <subfield code="w">2004-03-03</subfield>
    <subfield code="y">BK</subfield>
  </datafield>
  <datafield tag="952" ind1=" " ind2=" ">
    <subfield code="0">0</subfield>
    <subfield code="1">0</subfield>
    <subfield code="2">udc</subfield>
    <subfield code="4">0</subfield>
    <subfield code="7">0</subfield>
    <subfield code="a">101</subfield>
    <subfield code="b">101</subfield>
    <subfield code="d">2006-08-11</subfield>
    <subfield code="i">23468</subfield>
    <subfield code="l">0</subfield>
    <subfield code="o">343.13(075.8) &#x41C;75</subfield>
    <subfield code="p">23468</subfield>
    <subfield code="r">2021-12-15 00:00:00</subfield>
    <subfield code="w">2004-03-03</subfield>
    <subfield code="y">BK</subfield>
  </datafield>
  <datafield tag="952" ind1=" " ind2=" ">
    <subfield code="0">0</subfield>
    <subfield code="1">0</subfield>
    <subfield code="2">udc</subfield>
    <subfield code="4">0</subfield>
    <subfield code="7">0</subfield>
    <subfield code="a">101</subfield>
    <subfield code="b">101</subfield>
    <subfield code="d">2006-08-11</subfield>
    <subfield code="i">23469</subfield>
    <subfield code="l">0</subfield>
    <subfield code="o">343.13(075.8) &#x41C;75</subfield>
    <subfield code="p">23469</subfield>
    <subfield code="r">2021-12-15 00:00:00</subfield>
    <subfield code="w">2004-03-03</subfield>
    <subfield code="y">BK</subfield>
  </datafield>
  <datafield tag="952" ind1=" " ind2=" ">
    <subfield code="0">0</subfield>
    <subfield code="1">0</subfield>
    <subfield code="2">udc</subfield>
    <subfield code="4">0</subfield>
    <subfield code="7">0</subfield>
    <subfield code="a">101</subfield>
    <subfield code="b">101</subfield>
    <subfield code="d">2006-08-11</subfield>
    <subfield code="i">23474</subfield>
    <subfield code="l">0</subfield>
    <subfield code="o">343.13(075.8) &#x41C;75</subfield>
    <subfield code="p">23474</subfield>
    <subfield code="r">2021-12-15 00:00:00</subfield>
    <subfield code="w">2004-03-03</subfield>
    <subfield code="y">BK</subfield>
  </datafield>
  <datafield tag="952" ind1=" " ind2=" ">
    <subfield code="0">0</subfield>
    <subfield code="1">0</subfield>
    <subfield code="2">udc</subfield>
    <subfield code="4">0</subfield>
    <subfield code="7">0</subfield>
    <subfield code="a">101</subfield>
    <subfield code="b">101</subfield>
    <subfield code="d">2006-08-11</subfield>
    <subfield code="i">23476</subfield>
    <subfield code="l">0</subfield>
    <subfield code="o">343.13(075.8) &#x41C;75</subfield>
    <subfield code="p">23476</subfield>
    <subfield code="r">2021-12-15 00:00:00</subfield>
    <subfield code="w">2004-03-03</subfield>
    <subfield code="y">BK</subfield>
  </datafield>
  <datafield tag="952" ind1=" " ind2=" ">
    <subfield code="0">0</subfield>
    <subfield code="1">0</subfield>
    <subfield code="2">udc</subfield>
    <subfield code="4">0</subfield>
    <subfield code="7">0</subfield>
    <subfield code="a">101</subfield>
    <subfield code="b">101</subfield>
    <subfield code="d">2006-08-11</subfield>
    <subfield code="i">23480</subfield>
    <subfield code="l">0</subfield>
    <subfield code="o">343.13(075.8) &#x41C;75</subfield>
    <subfield code="p">23480</subfield>
    <subfield code="r">2021-12-15 00:00:00</subfield>
    <subfield code="w">2004-03-03</subfield>
    <subfield code="y">BK</subfield>
  </datafield>
  <datafield tag="952" ind1=" " ind2=" ">
    <subfield code="0">0</subfield>
    <subfield code="1">0</subfield>
    <subfield code="2">udc</subfield>
    <subfield code="4">0</subfield>
    <subfield code="7">0</subfield>
    <subfield code="a">102</subfield>
    <subfield code="b">102</subfield>
    <subfield code="d">2004-03-03</subfield>
    <subfield code="g">172.50</subfield>
    <subfield code="i">66729</subfield>
    <subfield code="l">0</subfield>
    <subfield code="o">343.13(075.8) &#x41C;75</subfield>
    <subfield code="p">66729</subfield>
    <subfield code="r">2022-02-06 00:00:00</subfield>
    <subfield code="w">2004-03-03</subfield>
    <subfield code="y">BK</subfield>
  </datafield>
  <datafield tag="952" ind1=" " ind2=" ">
    <subfield code="0">0</subfield>
    <subfield code="1">0</subfield>
    <subfield code="2">udc</subfield>
    <subfield code="4">0</subfield>
    <subfield code="7">0</subfield>
    <subfield code="a">102</subfield>
    <subfield code="b">102</subfield>
    <subfield code="d">2004-03-03</subfield>
    <subfield code="g">23.00</subfield>
    <subfield code="i">66730</subfield>
    <subfield code="l">0</subfield>
    <subfield code="o">343.13(075.8) &#x41C;75</subfield>
    <subfield code="p">66730</subfield>
    <subfield code="r">2022-02-06 00:00:00</subfield>
    <subfield code="w">2004-03-03</subfield>
    <subfield code="y">BK</subfield>
  </datafield>
  <datafield tag="952" ind1=" " ind2=" ">
    <subfield code="0">0</subfield>
    <subfield code="1">0</subfield>
    <subfield code="2">udc</subfield>
    <subfield code="4">0</subfield>
    <subfield code="7">0</subfield>
    <subfield code="a">102</subfield>
    <subfield code="b">102</subfield>
    <subfield code="d">2004-03-03</subfield>
    <subfield code="g">22.42</subfield>
    <subfield code="i">66731</subfield>
    <subfield code="l">0</subfield>
    <subfield code="o">343.13(075.8) &#x41C;75</subfield>
    <subfield code="p">66731</subfield>
    <subfield code="r">2022-02-06 00:00:00</subfield>
    <subfield code="w">2004-03-03</subfield>
    <subfield code="y">BK</subfield>
  </datafield>
  <datafield tag="952" ind1=" " ind2=" ">
    <subfield code="0">0</subfield>
    <subfield code="1">0</subfield>
    <subfield code="2">udc</subfield>
    <subfield code="4">0</subfield>
    <subfield code="7">0</subfield>
    <subfield code="a">102</subfield>
    <subfield code="b">102</subfield>
    <subfield code="d">2004-03-04</subfield>
    <subfield code="g">172.50</subfield>
    <subfield code="i">66732</subfield>
    <subfield code="l">0</subfield>
    <subfield code="o">343.13(075.8) &#x41C;75</subfield>
    <subfield code="p">66732</subfield>
    <subfield code="r">2022-02-06 00:00:00</subfield>
    <subfield code="w">2004-03-04</subfield>
    <subfield code="y">BK</subfield>
  </datafield>
</record>
